Les Château de la Loire - Statistiques

Statistiques générales
  • Ce quiz a été pris 121 fois
  • Le résultat moyen est 12 sur 79
Statistiques - réponses
Hint Réponse % Correct
Chambord
90%
37 Amboise
76%
41 Blois
72%
Chenonceaux
68%
Azay le Rideau
59%
Tours
54%
Cheverny
51%
49 Angers
50%
Chinon
47%
Saumur
45%
Villandry
41%
Loches
33%
Ussé
29%
langeais
26%
Chaumont sur Loire
25%
Beaugency
23%
Clos Lucé
23%
45 Gien
23%
Sully sur Loire
20%
36 Valençay
20%
Meung sur Loire
17%
58 Nevers
16%
Vendome
14%
Beauregard
13%
Montsoreau
13%
72 Le Lude
11%
Montpoupon
11%
Montrésor
11%
28 Chateaudun
10%
Brézé
9%
Montrichard
9%
Talcy
9%
Chateau Gaillard
6%
La Ferté Saint Aubin
6%
Le Rivau
6%
Montgeoffroy
6%
Saint Aignan
6%
Selles sur Cher
6%
Villesavin
6%
Briare
5%
Brissac Quincé
5%
Candé
5%
Chamerolles
5%
Fougères sur Bièvre
5%
Luynes
5%
Meillant
5%
Menars
5%
Montreuil Bellay
5%
Plessis Bourré
5%
Plessis lez Tours
5%
Saché
5%
Serrant
5%
Troussay
5%
Azay le ferron
4%
Chateauneuf sur Loire
4%
Gizeux
4%
Goulaine
4%
Baugé
3%
44 Palais des Ducs de Bretagne de Nantes
3%
Argy
2%
Boumois
2%
Chémery
2%
Lavardin
2%
Le Moulin
2%
Les Réaux
2%
Montigny le Gannelon
2%
18 Palais jacques Coeur de Bourges
2%
Saint Brisson
2%
Valmer
2%
Boisgibault
1%
Chissay
1%
Courtalain
1%
Dampierre en Burly
1%
Gué Péan
1%
La Bourdaisière
1%
La Bussière
1%
La Farinière
1%
La Possonnière
1%
Le Roujoux
1%
Aucun quiz correspondant
Distribution des résultats
% des personnes avec chaque résultat
Percentile par nombre de réponses
Votre historique - résultats
Vous n’avez pas pris ce quiz